000 00361nam a2200157Ia 4500
003 Ost
005 20260225132543.0
008 260225s9999||||xx |||||||||||||| ||und||
040 _cfsic
041 _afre
082 _a440
100 _aJean saint Geourd
_eAuteur
245 0 _aL'imperatif de coopération /
245 0 _cJean saint Geourd
942 _cكتاب
999 _c33646
_d33646